|
|
|
|
| LEADER |
00000nab a2200000 a 4500 |
| 001 |
vtls000799082 |
| 003 |
SK-MaSNL |
| 005 |
20260304000705.0 |
| 008 |
240405c2002 xo 0 slo |
| 015 |
|
|
|a SNBRB2002/07-22111
|
| 035 |
|
|
|a CLN000150737
|
| 040 |
|
|
|a SNKBUCL
|b slo
|c SNKBUCL
|e AACR2
|
| 041 |
0 |
|
|a slo
|
| 044 |
|
|
|a xo
|c SK
|
| 080 |
|
|
|a 82.09:885.4-1(081)(048)
|2 1997
|
| 080 |
|
|
|a 885.4-1(081)(048)
|2 1997
|
| 100 |
1 |
|
|a Doktor, Vladislav,
|d 1977-
|4 aut
|9 209085
|
| 245 |
1 |
0 |
|a S husou kožou aj po čase
|c Vlado Doktor
|
| 650 |
0 |
7 |
|a slovenská poézia
|2 snkbucl
|9 215422
|
| 655 |
|
7 |
|a recenzie
|2 snkbucl
|9 21907
|
| 655 |
|
7 |
|a články z novín a časopisov
|2 snkbucl
|9 267496
|
| 773 |
0 |
|
|t Kultúrny život
|g Roč. 3, č. 23-24 (2002), s. 10
|x 1335-6976
|
| 787 |
0 |
8 |
|i Rec.:
|a Válek, Miroslav, 1927-1991
|t Milovanie v husej koži
|d Bratislava : Vydavateľstvo Spolku slovenských spisovateľov, 2001
|z 8080610029
|
| 850 |
|
|
|a Slovenská národná knižnica
|
| 852 |
|
|
|a Slovenská národná knižnica
|
| 958 |
|
|
|a LX
|
| 958 |
|
|
|a SK
|
| 958 |
|
|
|a RC
|
| 992 |
|
|
|a RBX
|
| 999 |
|
|
|c 2532607
|d 2534537
|